Statistics for Top 10 Seattle Mariners of All-Time

Click here to take the quiz!

General Stats

  • This quiz has been taken 278 times
    (216 since last reset)
  • The average score is 8 of 10

Answer Stats

WARYearsPositionPlayer% Correct
70.61989–1999, 2009–2010OFKen Griffey, Jr.
98%
56.42001–2012, 2018–2019OFIchiro Suzuki
91%
39.01989–1998PRandy Johnson
89%
68.41987–2004DHEdgar Martinez
88%
49.72005–2019PFelix Hernandez
88%
38.11994–2000SSAlex Rodriguez
78%
23.52014–20182BRobinson Cano
75%
36.92011–20213BKyle Seager
71%
23.11988–2001OFJay Buhner
61%
34.41996–2006PJamie Moyer
51%

Score Distribution

Percentile by Number Answered

Percent of People with Each Score

Your Score History

You have not taken this quiz since the last reset